[Event "IND-ch U11 37th"]
[Site "Hyderabad"]
[Date "2024.10.10"]
[Round "11"]
[White "Vairaj, Sogerwal"]
[Black "Samaksh, Ashok"]
[Result "1/2-1/2"]
[WhiteElo "1716"]
[BlackElo "1771"]
[PlyCount "87"]
[EventDate "2024.10.04"]
[EventType "swiss"]
[EventRounds "11"]
[EventCountry "IND"]
[SourceTitle "CB47_2024"]
[SourceDate "2024.11.20"]
[SourceVersion "1"]
[SourceVersionDate "2024.11.20"]
[SourceQuality "1"]

1. f4 e6 2. Nf3 f5 3. e3 Nf6 4. b3 b6 5. Bb2 Bb7 6. Be2 g6 7. 0-0 Bg7 8. c4 0-0 9. Qc2 Qe7 10. Nc3 d6 11. d4 Nbd7 12. Nd2 e5 13. d5 e4 14. Nb5 Rfc8 15. Nd4 Nf8 16. h3 h5 17. Qd1 Qd7 18. Rf2 Re8 19. g4 hxg4 20. hxg4 Nxg4 21. Bxg4 fxg4 22. Rg2 Bc8 23. Qc2 Qe7 24. Nc6 Qf7 25. Nf1 Nh7 26. Nh2 Nf6 27. Rf1 Bf5 28. Bxf6 Qxf6 29. Nxg4 Qh4 30. Qf2 Qxf2+ 31. Nxf2 a5 32. a4 Kf7 33. Rd1 Rh8 34. Nd4 Rae8 35. Rh2 Ke7 36. Rxh8 Rxh8 37. Ne6 Bxe6 38. dxe6 Kxe6 39. Nxe4 Re8 40. Ng5+ Kf5 41. Rd5+ Kg4 42. Kf2 Bf6 43. Rd1 Kf5 44. Rd5+ 1/2-1/2